[Event "London Classic op U1825 11th"]
[Site "London"]
[Date "2019.11.30"]
[Round "2"]
[White "Aleksiev, Georgi"]
[Black "Murawski, Jan"]
[Result "1-0"]
[WhiteElo "1696"]
[BlackElo "1108"]
[PlyCount "53"]
[EventDate "2019.11.29"]
[EventType "swiss"]
[EventRounds "5"]
[EventCountry "ENG"]
[SourceTitle "CBM 195 Extra"]
[Source "ChessBase"]
[SourceDate "2020.05.31"]
[SourceVersion "1"]
[SourceVersionDate "2020.05.31"]
[SourceQuality "1"]

1. e4 e5 2. Nf3 Nc6 3. d4 exd4 4. Nxd4 Bc5 5. Be3 Qf6 6. c3 d6 7. Bb5 Bd7 8. 0-0 Qg6 9. Nd2 Nge7 10. f4 Bg4 11. Be2 Bh3 12. Bf3 0-0 13. f5 Bxf5 14. exf5 Nxf5 15. Nxf5 Qxf5 16. Bxc5 Qxc5+ 17. Kh1 Rfe8 18. Nb3 Qb6 19. Bxc6 Qxc6 20. Nd4 Qb6 21. Qf3 Rf8 22. Rf2 Rae8 23. Raf1 c6 24. h3 h6 25. Qg3 Qd8 26. Nf5 Qf6 27. Nxd6 1-0